| 000 | 00000nam##2200000za#4500 |
| 001 | 9.653585 |
| 003 | CaOODSP |
| 005 | 20230202144025 |
| 007 | ta |
| 008 | 150407|1993||||xxc||||| f|0| 0 eng|d |
| 020 | |a2-921041-11-1 |
| 040 | |aCaOODSP|beng |
| 041 | |aeng |
| 041 | |afre |
| 043 | |an-cn--- |
| 086 | 1 |aH72-21/89-1993 |
| 110 | 2 |aNational Clearinghouse on Family Violence (Canada). |
| 245 | 10|aTraining social workers in a feminist approach to conjugal violence: summary of an action research / |cby Anne Pâquet-Deehy et al., with the collaboration of Marie-France Ouimet on the text. Translated into English by Elaine Lalande. |
| 260 | |aMontreal - Quebec : |bHealth and Welfare Canada. |c1993. |
| 300 | |aEnglish text, 20p. : |c28 cm. |
| 500 | |a"This research summary is intended for the use of persons working with women who experience conjugal violence. It summarizes the data connected with the subjective experiences of fifteen social workers in training to learn a new feminist intervention model for battered women. Concurrent with their training, they had to apply the model in their own workplace.... The complete report is available at the School of Social Work of the Université de Montréal and is entitled: Apprendre à intervenir auprès des femmes violentées: une perspective féministe."--Foreword. Logo on cover: University of Montreal, Faculty of Arts and Science, School of Social Work, 1992. N.B.: The ISBN printed on the publication and given below has not been verified. It indicates a private sector publication. |
| 504 | |aBibliography. |
| 520 | 3 |aThis research summary is intended for the use of persons working with women who experience conjugal violence. It summarizes the data connected with the subjective experiences of fifteen social workers in training to learn a new feminist intervention model for battered women. Concurrent with their training, they had to apply the model in their own workplace.... The complete report is available at the School of Social Work of the Université de Montréal and is entitled: Apprendre à intervenir auprès des femmes violentées: une perspective féministe.--Foreword |
| 546 | |aBilingual |
| 563 | |aSoftcover |
| 590 | |a93-17|b1993-04-30 |
| 690 | 07|aViolence against women|2gcpds |
| 690 | 07|aSocial services|2gcpds |
| 690 | 07|aFamily violence|2gcpds |
| 720 | 1 |aPâquet-Deehy, Anne |
| 720 | 1 |aOuimet, Marie-France |
| 720 | 1 |aLalande, Elaine |
| 776 | 0#|tTraining social workers in a feminist approach to conjugal violence : |w(CaOODSP)9.695737 |
| 776 | 0#|tApprendre à intervenir auprès des femmes violentées : |w(CaOODSP)9.639860 |
| 792 | |tApprendre à intervenir auprès des femmes violentées: synthèse d'une recherche-action sur une expérience des formation féministe / |efre|w(CaOODSP)9.653586 |